Chinese views of future warfare

Saved in:
Bibliographic Details
Corporate Author: National Defense University Press.
Other Authors: Pillsbury, Michael.
Format: Book
Language:English
Published: Washington, DC : National Defense University Press, [1997]
Subjects:
Tags: Add Tag
No Tags, Be the first to tag this record!
LEADER 01241cam a2200337Ia 4500
001 007670944-2
005 20020606104010.5
008 980113s1997 dcua bb 000 0 eng d
020 |a 1579060358 
035 0 |a ocm38192136 
037 |a 008-020-01423-1  |b GPO  |f paper copy 
040 |a GPO  |c GPO  |d GAO  |d GPO  |d OCL  |d GPO  |d HLS 
043 |a a-cc--- 
074 |a 0378-H-01 (MF) 
074 |a 0378-H-01 (online) 
086 0 |a D 5.402:C 44/2 
090 |a UA835  |b .C448 
245 0 0 |a Chinese views of future warfare  |h [microform] /  |c Michael Pillsbury, editor. 
260 |a Washington, DC :  |b National Defense University Press,  |c [1997] 
300 |a xlii, 421 p. :  |b ill. ;  |c 22 cm. 
500 |a Distributed to depository libraries in microfiche. 
500 |a Shipping list no.: 1998-0161-M. 
500 |a No longer available for sale by the Supt. of Docs. 
500 |a Later ed. available for sale by the Supt. of Docs., U.S. GPO stock number 008-020-01454-1, price $22.00. 
504 |a Includes bibliographical references. 
650 0 |a Military art and science  |x Forecasting. 
651 0 |a China  |x Defenses  |x Forecasting. 
700 1 |a Pillsbury, Michael. 
710 2 |a National Defense University Press. 
988 |a 20020608 
906 |0 OCLC